| 000 | 01210pam a2200373 a 4500 | ||
|---|---|---|---|
| 001 | 1019722 | ||
| 003 | OSt | ||
| 005 | 20260623094347.0 | ||
| 008 | 880411s1989 nyua b 001 0 eng | ||
| 010 | _a 88009245 | ||
| 020 |
_a0582998700 _qpbk. |
||
| 020 |
_a080130007X _qhard |
||
| 020 |
_a9780582998704 _q(pbk.) |
||
| 035 | _a1019722 | ||
| 040 |
_aDLC _cDLC _dDLC |
||
| 043 | _an-us--- | ||
| 050 | 0 | 0 |
_aHM258 _b.D35 1989 |
| 082 | 0 | 0 |
_a302.2/34 _219 |
| 100 | 1 |
_aDeFleur, Melvin L. _q(Melvin Lawrence), _d1923- |
|
| 245 | 1 | 0 |
_aTheories of mass communication / _cMelvin L. DeFleur, Sandra J. Ball-Rokeach. |
| 250 | _a5th ed. | ||
| 260 |
_aNew York : _bLongman, _cc1989. |
||
| 300 |
_axiv, 368 p. : _bill. ; _c23 cm. |
||
| 336 |
_atext _btxt _2rdacontent |
||
| 337 |
_aunmediated _bn _2rdamedia |
||
| 338 |
_avolume _bnc _2rdacarrier |
||
| 504 | _aIncludes bibliographies and index. | ||
| 650 | 0 |
_aMass media _xSocial aspects _xHistory. |
|
| 650 | 0 |
_aMass media _xSocial aspects _zUnited States _xHistory. |
|
| 700 | 1 | _aBall-Rokeach, Sandra. | |
| 906 |
_a7 _bcbc _corignew _d1 _eocip _f19 _gy-gencatlg |
||
| 942 |
_2lcc _cBK |
||
| 999 |
_c266423 _d266422 |
||